Statistics for Countries of Europe in 200 AD

Click here to take the quiz!

General Stats

  • This quiz has been taken 12 times
  • The average score is 2 of 23

Answer Stats

EntityAnswer% Correct
EmpireRoman Empire
92%
Client KingdomCaucasian Albania
17%
Tribal ConfederationAlemanni
8%
Tribal KingdomCe
8%
Client KingdomCimmerian Bosphorus
8%
Nomadic ConfederationHuns
8%
KingdomIberia
8%
KingdomPictland
8%
Tribal ConfederationSarmatians
8%
Tribal ConfederationSuebi
8%
Tribal CheifdomVandals
8%
Tribal ConfederationBasternae
0%
Tribal KingdomCait
0%
Tribal KingdomCaspiane
0%
Tribal KingdomCornovii
0%
Tribal KingdomFortriu
0%
Tribal KingdomGelonia
0%
Tribal KingdomGetae
0%
Tribal ChiefdomIverni
0%
Client KingdomLazica
0%
KingdomMeath
0%
KingdomOsraige
0%
Client KingdomPaeonia
0%

Score Distribution

Percentile by Number Answered

Percent of People with Each Score

Your Score History

You have not taken this quiz